banner-ar

مخطوطة تاريخ الازمنة / (Record no. 61954)

MARC details
000 -الفاتح
حقل البيانات ثابتة الطول 01346nam a22003017a 4500
005 - وقت وتاريخ اخر تعامل مع التسجيلة
رقم الضبط 20240530110524.0
008 - عناصر البيانات ثابتة الطول - معلومات عامة
حقل البيانات ثابتة الطول 160224s2007 ua g b 000 0dara d
017 ## - رقم الايداع القانونى
رقم الايداع القانونى 2007/4454
المصدر ( الهيئة المختصة) مصر . دار الكتب المصرية
020 ## - الرقم الدولى المعيارى للكتب
الرقم الدولى المعيارى للكتاب 9774372174
040 ## - مصدر الفهرسة
وكالة الفهرسة الأصلية EG-CaGPL
082 04 - رقم تصنيف ديوى العشرى
رقم الطبعة 21
رقم التصنيف 950.2\
رقم المادة ج م
100 0# - المدخل الرئيسى - إسم شخصى
الإسم الشخصى جريجوريوس ابو الفرج ابن العبرى
245 10 - بيان العنوان
العنوان مخطوطة تاريخ الازمنة /
بيان المسئوليه,etc تاليف جريجوريوس ابو الفرج ابن العبرى ؛ ترجمة و دراسة و تقديم شادية توفيق حافظ ؛ مراجعة السباعى محمد السباعى
250 ## - بيان الطبعة
بيان الطبعة ط1
260 ## - PUBLICATION, DISTRIBUTION, ETC. (IMPRINT)
تاريخ النشر أو التوزيع 2007 .
300 ## - الوصف المادى
التعداد 339 ص ؛
أبعاد الوعاء 24 سم .
490 ## - بيان السلسلة
عنوان السلسلة المشروع القومى للترجمة ؛
رقم المجلد/ التعيين التسلسلي 1153
504 ## - تبصرة ببليوجرافية
تبصرة ببليوجرافية,الخ يشتمل على ارجاعات ببليوجرافية
600 04 - المدخل الاضافى بالموضوع-اسم شخصى
الإسم الشخصى جنكيزخان
600 04 - المدخل الاضافى بالموضوع-اسم شخصى
الإسم الشخصى تيمورخان
650 04 - المدخل الاضافى بالموضوع-مصطلح موضوعى
مصطلح موضوعي المغول و التتار
650 04 - المدخل الاضافى بالموضوع-مصطلح موضوعى
مصطلح موضوعي المخطوطات
التقسيم الفرعي العام تاريخ
650 04 - المدخل الاضافى بالموضوع-مصطلح موضوعى
مصطلح موضوعي الدولة الخوارزمية
التقسيم الفرعي العام التتار
700 0# - المدخل الاضافى - اسم شخصى
الإسم الشخصى شادية توفيق حافظ
الدور مترجم ومقدم
700 0# - المدخل الاضافى - اسم شخصى
الإسم الشخصى السباعى محمد السباعى
الدور مراجع
942 ## - عناصر المدخل الإضافي( كوها)
مصدر التصنيف او مخطط الترفيف Dewey Decimal Classification
Koha [default] item type كتاب
260 ## - PUBLICATION, DISTRIBUTION, ETC. (IMPRINT)
-- القاهرة :
-- المركز القومى للترجمة ،
Holdings
حالة التراجع حالة الفقد حالة تلف ليس للاعارة المكان المؤقت الموقع الحالى تاريخ الاكتساب اجمالي اﻻعارات رقم الطلب الباركود تاريخ اخر مشاهدة تاريخ تفعيل السعر نوع وعاء كوها
        مكتبة القاهرة الكبرى مكتبة القاهرة الكبرى 02/24/2016   950.2\ ج م 161413 02/24/2016 02/24/2016 كتاب

Powered By

EGPV